Paesi nella loro lingua madre - Quiz sulla mappa - Statistics

Statistiche generali
  • Questo quiz è stato fatto 18 volte
  • Il punteggio medio è 94 su 196
Risposte nella Mappa
Le risposte nella mappa del quiz sottostante sono codificate secondo una scala di colori dal rosso al verde in base alla % di persone che hanno risposto correttamente.
 
Statistiche sulle risposte
Risposta % Corretto
Andorra
92%
Argentina
83%
Australia
83%
Bahamas
83%
United States
83%
Azərbaycan
75%
België
75%
Belize
75%
Bénin
75%
Bosna i Hercegovina
75%
Brasil
75%
Cabo Verde
75%
Canada
75%
Česká republika
75%
Cuba
75%
Danmark
75%
Deutschland
75%
España
75%
France
75%
Honduras
75%
Italia
75%
Madagasikara
75%
Malta
75%
Mexico
75%
Monaco
75%
Nederland
75%
Österreich
75%
Panamá
75%
Polska
75%
Portugal
75%
République démocratique du Congo
75%
Tanzania
75%
Türkiye
75%
United Kingdom
75%
Bolivia
67%
Botswana
67%
Burkina Faso
67%
Cameroun
67%
Centrafrique
Bêafrîka
67%
Chile
67%
Colombia
67%
Costa Rica
67%
Côte d'Ivoire
67%
East Timor
67%
Ecuador
67%
Eire
67%
eSwatini
67%
Federated States
of Micronesia
67%
Gabon
67%
Ghana
67%
Guatemala
67%
Guinea Ecuatorial
67%
Guiné-Bissau
67%
Guinée
67%
Guyana
67%
Indonesia
67%
Ísland
67%
Jamaica
67%
Jībūtī
67%
Kenya
67%
Latvija
67%
Lesotho
67%
Lëtzebuerg
67%
Lietuva
67%
Malawi
67%
Malaysia
67%
Mauritius
67%
Moçambique
67%
Moldova
67%
Namibia
67%
Nicaragua
67%
Niger
67%
Nigeria
67%
Paraguay
67%
Perú
67%
Pilipinas
67%
República Dominicana
67%
République du Congo
67%
România
67%
Rwanda
67%
San Marino
67%
San Salvador
67%
São Tomé e Príncipe
67%
Sénégal
67%
Sierra Leone
67%
Singapura
67%
Slovenija
67%
Slovensko
67%
Suid-Afrika
67%
Tchad
67%
Togo
67%
Uruguay
67%
Venezuela
67%
Việt Nam
67%
Zambia
67%
Κύπρος
58%
Ελλάδα
58%
Северна Македонија
58%
Россия
58%
Ayiti
58%
Civitas Vaticana
58%
Eesti
58%
Hrvatska
58%
Kosova
58%
Liberia
58%
Liechtenstein
58%
Ngola
58%
Norge
58%
Papua Niugini
58%
Schweiz
58%
Solomon Aelan
58%
Suriname
58%
Sverige
58%
Trinidad and
Tobago
58%
Türkmenistan
58%
Uburundi
58%
Uganda
58%
Zimbabwe
58%
ישראל
50%
Црна Гора
50%
Србија
50%
Sāmoa
50%
Shqipëria
50%
Suomi
50%
Tonga
50%
Tuvalu
50%
日本
42%
Қазақстан
42%
Кыргызстан
42%
Україна
42%
Ўзбекистон
42%
Antigua and
Barbuda
42%
Barbados
42%
Kiribati
42%
Magyarország
42%
Palau
42%
Saint Kitts
and Nevis
42%
Saint Lucia
42%
Vanuatu
42%
Беларусь
33%
България
33%
Тоҷикистон
33%
Dominica
33%
Naoero
33%
Saint Vincent
and the
Grenadines
33%
한국 / 韓國
25%
Grenada
25%
Kambiya
25%
Sesel
25%
Հայաստան
17%
中华人民共和国
17%
საქართველო
17%
조선 / 朝鮮
17%
ไทย, ประเทศไทย, ราชอาณาจักรไทย
17%
Aotearoa
17%
འབྲུག་ཡུལ
8%
مصر
8%
ኢትዮጵያ
8%
ⴰⵎⵔⵔⵓⴽ / ⵍⵎⵖⵔⵉⴱ
8%
မြန်မာ
8%
中華民國
8%
Dzayer
8%
Viti
8%
افغانستان
0%
البحرين
0%
বাংলাদেশ
0%
بروني
0%
កម្ពុជា
0%
جزر القمر
0%
إرتريا
0%
ایران
0%
العراق
0%
الأردن
0%
دولة الكويت
0%
ປະເທດລາວ
0%
لبنان
0%
ليبيا
0%
ދިވެހިރާއްޖެ
0%
ߡߊ߬ߟߌ
0%
موريتانيا
0%
नेपाल
0%
عُمان
0%
پاکستان
0%
قطر
0%
المملكة العربية السعودية
0%
الصومال
0%
ශ්‍රී ලංකාව
0%
السودان
0%
سورية
0%
تونس
0%
الإمارات العربيّة المتّحدة
0%
اليمن
0%
Aorōkin Ṃajeḷ
0%
भारत
0%
ᠮᠤᠩᠭᠤᠯ
ᠤᠯᠤᠰ
0%
Paguot
0%
Nessun quiz corrispondente trovato
Distribuzione punteggi
Percentuale di utenti per punteggio
Percentile per numero di risposta
I tuoi punteggi nel tempo
Non hai fatto questo quiz